[Event "Sullana Binacional op"]
[Site "Sullana"]
[Date "2012.05.04"]
[Round "2"]
[White "Requejo, Oswaldo"]
[Black "Zambrano Macias, Paolo"]
[Result "1/2-1/2"]
[WhiteElo "2235"]
[BlackElo "1826"]
[PlyCount "41"]
[EventDate "2012.05.04"]
[EventType "swiss"]
[EventRounds "7"]
[EventCountry "PER"]
[SourceTitle "EXT 2013"]
[Source "ChessBase"]
[SourceDate "2012.11.22"]
[SourceVersion "1"]
[SourceVersionDate "2012.11.22"]
[SourceQuality "1"]

1. e4 e6 2. d4 d5 3. Nc3 Be7 4. h4 dxe4 5. Nxe4 Nf6 6. Bd3 Bd7 7. Nf3 Bc6 8. Qe2 Nxe4 9. Bxe4 Bxe4 10. Qxe4 Nc6 11. Bf4 Qd7 12. 0-0-0 0-0 13. c4 Nb4 14. a3 Qc6 15. Qe2 Nd5 16. Bg3 Bd6 17. Kb1 Nf6 18. Bxd6 cxd6 19. d5 exd5 20. cxd5 Qa4 21. Rd4 1/2-1/2

[Event "Duran zt 2.3.5"]
[Site "Duran"]
[Date "2012.03.11"]
[Round "9"]
[White "Merritt, Mario"]
[Black "Zambrano Macias, Paolo"]
[Result "1-0"]
[WhiteElo "2101"]
[BlackElo "1815"]
[PlyCount "79"]
[EventDate "2012.03.05"]
[EventType "swiss"]
[EventRounds "9"]
[EventCountry "ECU"]
[SourceTitle "EXT 2023"]
[Source "ChessBase"]
[SourceDate "2022.10.05"]
[SourceVersion "1"]
[SourceVersionDate "2022.10.05"]
[SourceQuality "1"]

1. c4 c5 2. g3 g6 3. Bg2 Bg7 4. e3 Nc6 5. Ne2 d6 6. Nbc3 Nh6 7. 0-0 Nf5 8. b3 h5 9. h4 Ne5 10. Nf4 Ng4 11. Bb2 e5 12. Nh3 0-0 13. Ng5 Rb8 14. Qe2 b6 15. Rae1 Bh6 16. Nce4 Bb7 17. f3 Nf6 18. Qf2 a6 19. Nxf6+ Qxf6 20. f4 Qe7 21. Bh3 Bc8 22. Kh2 e4 23. d3 Bxg5 24. hxg5 Ng7 25. Bf6 Qe8 26. Qb2 Bxh3 27. Kxh3 Nf5 28. d4 Qd7 29. Kg2 cxd4 30. exd4 d5 31. Rh1 Ng7 32. Rh4 Nf5 33. Rh2 Rbc8 34. Qe2 Ng7 35. Reh1 Rc6 36. Rxh5 gxh5 37. Rxh5 Qf5 38. Rh6 e3 39. Qh5 Qc2+ 40. Kh3 1-0